=LDR 00000nam 2200000 4500 =001 INLIS000000000021732 =005 20200814090116 =035 ##$$a 0010-061300000021732 =008 200814################g##########0#ind## =041 ##$$a Ind =082 ##$$a 2x9.8 =090 ##$$a 2x9.8 Naj i =100 ##$$a Najieh, Achmad =245 1#$$a Lima puluh kisah nyata : $b Menyingkap kisah - kisah hikmah terpendam 3 /$c Ahmad Najieh =260 ##$$a Surabaya :$b Pustaka Progressif,$c 1998 =300 ##$$a 99 hlm, ; $c 17 x 12 cm. =650 #4$$a Sejarah islam =850 ##$$a NBPNMAT =084 ##$$a 2x9.8 NAJ l =990 ##$$a 155.885/Pro-2000 =990 ##$$a 155.886/Bp-2000